|
|
|
|
| LEADER |
00000cam a2200000 7i4500 |
| 001 |
0000036137 |
| 005 |
20130605.0 |
| 008 |
130605 |
| 020 |
|
|
|a 8182741327
|
| 090 |
0 |
0 |
|a 658.3
|b MAL
|
| 100 |
1 |
|
|a Malone, Samuel A
|
| 245 |
1 |
0 |
|a Success skills for managers
|c Samuel A. Malone
|
| 260 |
|
|
|a New Delhi :
|b Pentagon Press ,
|c 2006
|
| 650 |
|
0 |
|a Personnel management
|
| 999 |
|
|
|a 0001025405
|b Book
|c Adult Collection
|e Cawangan Segamat
|
| 999 |
|
|
|a 0001025406
|b Book
|c Adult Collection
|e Perbadanan Perpustakaan Awam Johor
|
| 999 |
|
|
|a 0001152518
|b Book
|c Adult Collection
|e Perbadanan Perpustakaan Awam Johor
|
| 999 |
|
|
|a 0001442334
|b Book
|c Adult Collection
|e Cawangan Bandar Penawar
|